Apex Legends Legenden Season 28 - Statistiken

Allgemein
  • Dieses Quiz wurde 9 mal gespielt
  • Das Durchschnittsergebnis liegt bei 18 aus 27
Antwortstatistiken
Hint Antwort % Korrekt
1 Octane
100%
13 Caustic
88%
7 Lifeline
88%
11 Pathfinder
88%
27 Ballistic
75%
5 Bangalore
75%
9 Fuse
75%
8 Gibraltar
75%
21 Newcastle
75%
10 Revenant
75%
3 Valkyrie
75%
6 Wraith
75%
20 Bloodhound
63%
22 Crypto
63%
19 Loba
63%
14 Mirage
63%
24 Rampart
63%
16 Watson
63%
4 Alter
50%
25 Catalyst
50%
18 Horizon
50%
2 Mad Maggie
50%
26 Seer
50%
23 Vantage
50%
15 Ash
38%
17 Conduit
38%
12 Sparrow
38%
Keine übereinstimmenden Quizze gefunden
Verteilung der Resultate
Anzahl Personen mit jedem Resultat
Perzentil nach korrekt beantworteten Fragen
Ihre Resultats-Entwicklung
Sie haben dieses Quiz noch nicht gespielt